Strategic management journal

Enregistré dans:
Détails bibliographiques
Format: Publication en série
Langue:anglais
Publié: New York WILEY 1997
Sujets:
Tags: Ajouter un tag
Pas de tags, Soyez le premier à ajouter un tag!

MARC

LEADER 00000nas2a2200000 4500
001 s121842
005 20221221071653.9
022 |a 0143-2095 
041 0 |a eng 
044 |a US 
245 1 0 |a Strategic management journal 
264 1 |a New York  |b WILEY  |c 1997 
300 |a 2 zv.  |e Príloha 
500 |a Chýba č. 11 
773 0 |w eu_un_cat*s120236 
610 2 0 |a manažment 
610 2 0 |a manažment strategický 
610 2 0 |a podnikanie